Jang e Badar/ (Record no. 109593)
[ view plain ]
| 000 -LEADER | |
|---|---|
| fixed length control field | 00358nam a22001337a 4500 |
| 005 - DATE AND TIME OF LATEST TRANSACTION | |
| control field | 20181214112205.0 |
| 008 - FIXED-LENGTH DATA ELEMENTS--GENERAL INFORMATION | |
| fixed length control field | 181214b ||||| |||| 00| 0 eng d |
| 040 ## - CATALOGING SOURCE | |
| Transcribing agency | PK-LaUMT |
| 082 ## - DEWEY DECIMAL CLASSIFICATION NUMBER | |
| Classification number | RHC 297.72 |
| Item number | MAZ-J |
| 100 ## - MAIN ENTRY--PERSONAL NAME | |
| Personal name | Mazhar Syed Alam |
| 245 ## - TITLE STATEMENT | |
| Title | Jang e Badar/ |
| Statement of responsibility, etc | Mazhar Syed Alam |
| 260 ## - PUBLICATION, DISTRIBUTION, ETC. (IMPRINT) | |
| Place of publication, distribution, etc | یوپی: |
| Name of publisher, distributor, etc | مکتبہ ذکری رامپور |
| 942 ## - ADDED ENTRY ELEMENTS (KOHA) | |
| Koha item type | Books |
| Withdrawn status | Lost status | Damaged status | Home library | Current library | Date acquired | Full call number | Barcode | Date last seen | Price effective from | Koha item type |
|---|---|---|---|---|---|---|---|---|---|---|
| UMT Main Campus | UMT Main Campus | 2018-12-14 | RHC 297.72 MAZ-J | 126954 | 2019-11-22 | 2018-12-14 | Books |
